| 000 | 01454nam a2200385 c 4500 | ||
|---|---|---|---|
| 001 | 23019 | ||
| 003 | ES-MaCES | ||
| 005 | 20250203133723.0 | ||
| 008 | 100503s2010 sp d t o000 | spa d | ||
| 017 |
_aMU 585-2010 _bDL |
||
| 020 | _a9788469299678 | ||
| 035 | _aCES20100003564m | ||
| 040 |
_aES-MaCES _bspa _cES-MaCES |
||
| 100 | 1 |
_aHernández Martínez, Pedro Jesús _914692 |
|
| 245 | 1 | 0 |
_aTemporalidad y desempleo _b: análisis de las diferencias entre la Región de Murcia y España _cPedro Jesús Hernández Martínez, Ildefonso Méndez Martínez, Manuel Tovar Arce |
| 260 |
_aMurcia _bConsejo Económico y Social de la Región de Murcia _c[2010] |
||
| 300 |
_a287 p. _bgráf. bl. y n. _c24 cm |
||
| 490 | 1 |
_aColección Estudios _v26 |
|
| 504 | _aBibliografía: p. 283-287 | ||
| 541 | _cGratuito | ||
| 650 | 4 |
_aempleo temporal _929000 |
|
| 650 | 4 |
_adesempleo _928308 |
|
| 650 | 4 |
_aanálisis estadístico _928889 |
|
| 650 | 4 |
_aanálisis económico _927070 |
|
| 650 | 4 |
_aEspaña _926964 |
|
| 650 | 4 |
_aMurcia (Comunidad Autónoma) _930881 |
|
| 653 | 1 | 0 | _aEmpleo |
| 700 | 1 |
_aTovar Arce, Manuel _925120 |
|
| 710 | 1 |
_aConsejo Económico y Social de la Región de Murcia _eed. _92442 |
|
| 700 | 1 |
_918393 _aMéndez Martínez, Ildefonso |
|
| 830 | 0 |
_aColección Estudios (Consejo Económico y Social de la Región de Murcia _v26 _932675 |
|
| 902 | _aLIB Libro | ||
| 942 |
_2CES _cBK _h2.1. |
||
| 999 |
_c23019 _d23019 |
||